Statistics for Secret Water

Click here to take the quiz!

General Stats

  • This quiz has been taken 10 times
    (5 since last reset)
  • The average score is 8 of 10

Answer Stats

QuestionAnswer% Correct
What is the real name of the Mastodon?Donald
100%
What is the name of the group of kids that the Swallows and Amazons find?Eels
100%
Why can't Father come to the islands with the Swallows?He had to work
100%
What is the name of the 'missionaries' yacht?Lapwing
100%
What is the name of the derelict boat that the Mastodon uses as his lair?Speedy
100%
What are the Swallows and Amazons doing for most of the book?Map-making
100%
What is the name of the two boats that the Swallows and Amazons use?Wizard and Firefly
67%
Which island do the Swallows and Amazons camp on?Swallow Island
67%
Who gets stuck in the 'Red Sea'?Titty, Roger, and Bridget
67%
What is the name of the place where the children get stranded?Red Sea
33%

Score Distribution

Percentile by Number Answered

Percent of People with Each Score

Your Score History

You have not taken this quiz since the last reset